Annuario per l'anno accademico 2002-2003, LXIII dalla fondazione

Gespeichert in:
Bibliographische Detailangaben
Körperschaft: Università Pontificia Salesiana (VerfasserIn)
Format: Buch
Sprache:Italienisch
Veröffentlicht: Roma LAS 2004
Schlagworte:
Tags: Tag hinzufügen
Keine Tags, Fügen Sie den ersten Tag hinzu!

MARC

LEADER 00000nam a2200000 a 4500
001 UCL6014
003 CL-VaPUC
008 040326e20040000IT |||||||||||||||||ita|d
082 0 4 |a 378.005  |b UNI  |2 21 
110 2 |a Università Pontificia Salesiana  |e author  |9 483771 
245 1 0 |a Annuario per l'anno accademico 2002-2003, LXIII dalla fondazione 
300 |a 330 p 
942 |c BK 
945 |d 20040326 00:00:00  |a cmena 
260 |a Roma  |b LAS  |c 2004 
650 0 |a Universidades  |9 256317 
650 0 |a Educación superior   |9 223851 
650 0 |a Anuarios  |9 258977 
583 |a last modification  |c 20040326 00:00:00  |k Rodrigo Vera 
999 |c 308323  |d 308321 
952 |0 0  |1 0  |4 0  |6 378_005000000000000_UNI_2004  |7 0  |8 A  |9 374726  |a BIBTEO  |b BIBTEO  |d 2019-11-21  |i 4000196  |o 378.005 UNI 2004  |p 4000196  |r 2025-01-17  |w 2019-11-21  |y BK  |k ICR